Eurovision Song Lyrics - Albania - Statistics

General Stats
  • This quiz has been taken 23 times
  • The average score is 150 of 293
Answer Stats
Answer % Correct
i
100%
I
100%
a
95%
You
95%
to
90%
be
86%
e
86%
will
86%
he
81%
it
81%
me
81%
my
81%
never
81%
secret
81%
sekret
81%
regret
76%
And
71%
baby
71%
Baby
71%
bo
71%
body
71%
feel
71%
love
71%
Ma
71%
ma
71%
when
71%
Hey
67%
(Hey)
67%
hey
67%
kam
67%
ke
67%
like
67%
Tóca
67%
your
67%
Come
62%
come
62%
keep
62%
near
62%
ni
62%
on
62%
tócalo
62%
'Cause
57%
di
57%
dy
57%
dy)
57%
hands
57%
put
57%
u
57%
came
52%
closer
52%
find
52%
ta
48%
(Ta
48%
know
43%
nuk
43%
Nuk
43%
(Nuk
43%
want
43%
Go
38%
here
38%
dámelo
33%
Si
33%
si
33%
tre
33%
avion
29%
kalon
29%
marrsha
29%
marrsha)
29%
Po
29%
po
29%
vetëm
29%
ya
29%
du
24%
Going
24%
kadal
24%
Mbetën
24%
net
24%
whine
24%
ato
19%
çohu
19%
Çohu
19%
jetën
19%
kujton
19%
lojna
19%
lon
19%
lon)
19%
mad
19%
malet
19%
un
19%
Xhamadin
19%
djali
14%
Edhe
14%
edhe
14%
(Edhe
14%
m'ke
14%
nga
14%
një
14%
Një
14%
(Një
14%
për
14%
sot
14%
thon
14%
thon)
14%
tjetër
14%
vija
14%
vjen
14%
ej
10%
Ej
10%
Hajde
10%
hajde
10%
Rrah
10%
Ha-ah
5%
ty
5%
tanat)
0%
No matching quizzes found
Score Distribution
Percent of People with Each Score
Percentile by Number Answered
Your Score History
You have not taken this quiz